[Event "British Universities-ch"]
[Site "Chess.com INT"]
[Date "2022.03.05"]
[Round "7.4"]
[White "Saraf, Divanshu"]
[Black "Rose, Sammy"]
[Result "0-1"]
[WhiteElo "1069"]
[BlackElo "1327"]
[PlyCount "96"]
[EventDate "2022.03.05"]
[EventType "swiss"]
[EventRounds "9"]
[EventCountry "ENG"]
[SourceTitle "EXT 2023"]
[Source "ChessBase"]
[SourceDate "2022.10.05"]
[SourceVersion "1"]
[SourceVersionDate "2022.10.05"]
[SourceQuality "1"]
[WhiteTeam "Brunel"]
[BlackTeam "Reading"]
[WhiteTeamCountry "ENG"]
[BlackTeamCountry "ENG"]

1. d4 e6 2. Bf4 d5 3. e3 c5 4. Nf3 h6 5. c4 g5 6. Be5 f6 7. Bg3 h5 8. h3 Nc6 9. Nbd2 f5 10. Ne5 Nxe5 11. Bxe5 Rh7 12. Nf3 g4 13. hxg4 fxg4 14. Nd2 Bd6 15. cxd5 Bxe5 16. dxe5 exd5 17. f3 Ne7 18. f4 Nf5 19. Bd3 h4 20. Bxf5 Bxf5 21. Rc1 b6 22. g3 h3 23. Kf2 Be4 24. Nxe4 dxe4 25. Rh2 Rd7 26. Qa4 Kf8 27. Kg1 Rd2 28. Rxd2 Qxd2 29. Kf1 Qxc1+ 30. Kf2 Qd2+ 31. Kf1 h2 32. Qxe4 h1Q+ 33. Qxh1 Qd1+ 34. Kg2 Qxh1+ 35. Kxh1 Rd8 36. Kg2 Rd2+ 37. Kf1 Rxb2 38. Ke1 Rxa2 39. e6 Ke7 40. f5 c4 41. Kd1 c3 42. Kc1 Rh2 43. e4 b5 44. e5 Re2 45. f6+ Kxe6 46. Kd1 Rxe5 47. Kc2 Re3 48. Kd1 Kxf6 0-1